Crónicas talquinas
Saved in:
| Main Author: | |
|---|---|
| Format: | Book |
| Language: | Spanish |
| Published: |
Talca, Chile
Universidad de Talca
1996
|
| Series: | Serie Identidad Regional
|
| Subjects: | |
| Tags: |
Add Tag
No Tags, Be the first to tag this record!
|
MARC
| LEADER | 00000nam a2200000 a 4500 | ||
|---|---|---|---|
| 001 | UCR5905 | ||
| 003 | CL-VaPUC | ||
| 005 | 20250227154002.0 | ||
| 008 | 980403e19960000CL |||||||||||||||||spa|d | ||
| 999 | |c 268247 |d 268245 | ||
| 040 | |c Pontificia Universidad Católica de Valparaíso | ||
| 082 | 0 | 4 | |a 983.35 BEN 1996 |2 21 |
| 100 | 0 | |a Benoit, Rigon |e author |9 406854 | |
| 245 | 1 | 0 | |a Crónicas talquinas |
| 260 | |a Talca, Chile |b Universidad de Talca |c 1996 | ||
| 300 | |a 295 páginas | ||
| 490 | 0 | |a Serie Identidad Regional | |
| 583 | |a last modification |c 20160810 05:42:14 |k Rodrigo Vera | ||
| 650 | 0 | |a Historia de Chile |y SIGLOS 19-20 |z TALCA |9 360444 | |
| 650 | 0 | |a Ciudades |z TALCA |9 265474 | |
| 650 | 0 | |a Vida social y costumbres |z TALCA |z CHILE |9 258725 | |
| 852 | |a BIBCUR | ||
| 942 | |c BK |2 ddc | ||
| 945 | |d 19980403 00:00:00 |a rbrito | ||
| 952 | |0 0 |1 0 |2 ddc |4 0 |6 983_350000000000000_BEN_1996 |7 0 |8 A |9 301235 |a BIBHIS |b BIBHIS |d 2019-11-20 |i 3398390 |l 1 |o 983.35 BEN 1996 |p 3398390 |r 2025-01-20 |s 2023-08-16 |t 1 |w 2019-11-20 |y BK |k HIS | ||